History Quiz

Random History or Politics Quiz
Score 0/20 Timer 05:00
1 Play Today
Logo % Correct
Republican Party
97.3%
Democratic Party
88.2%
Dwight D. Eisenhower
78.5%
Hillary Clinton
77.2%
Barack Obama
72.3%
Green Party
72%
Communist Party USA
60.7%
Mitt Romney
57.7%
Libertarian Party
54.9%
Bull Moose Party
52.5%
Logo % Correct
Socialist Party
43.7%
Modern Whig Party
30.1%
Justice Party
24.5%
U.S. Marijuana Party
19.7%
Constitution Party
18.1%
Federalist Society
17.9%
League of Women Voters
17.4%
U.S. Pirate Party
9.7%
American Reform Party
9.1%
Prohibition Party
4.5%
Remove Ads.
Support Sporcle.
Get the best of Sporcle when you Go Orange. This ad-free experience offers more features, more stats, and more fun while also helping to support Sporcle. Thank you for becoming a member.

You're not logged in!

Compare scores with friends on all Sporcle quizzes.
OR
Log In

Show Comments

Extras

Top Quizzes Today


Score Distribution

Your Account Isn't Verified!

In order to create a playlist on Sporcle, you need to verify the email address you used during registration. Go to your Sporcle Settings to finish the process.

Report this User

Report this user for behavior that violates our Community Guidelines.

Details: